000 00408nam a2200157Ia 4500
008 240729s9999 xx 000 0 und d
022 _a2189-7255
245 0 _aFujita Medical Journal
260 _aJapan
260 _bFujita Medical Society
650 _a Medicine (General)
650 _aMedicine
856 _uhttps://doaj.org/toc/22d6cade265e44cbab1566d423f99f38
942 _2ddc
942 _cDOAJEJ
999 _c71053
_d71053
945 _a1
_bMadushi Gamage
_c1
_dMadushi Gamage